| 000 | 00567nam a2200205 a 4500 | ||
|---|---|---|---|
| 005 | 20221001063522.0 | ||
| 008 | 991125s1999 mx 000 0 spa u | ||
| 020 | _a968476135X | ||
| 035 | _aUPN01000043532 | ||
| 049 | _aF | ||
| 050 | 4 |
_aHB501 E5.68 _b1999 |
|
| 100 | 1 |
_aEngels, Friedrich, _d1820-1895 |
|
| 245 | 1 | 3 |
_aEl papel del trabajo en la transformación del mono en hombre / _cFriedrich Engels. |
| 250 | _a6a ed. | ||
| 260 |
_aMéxico : _bFontamara, _c1999 |
||
| 300 | _a16 p. | ||
| 440 | 0 |
_aFontamara ; _v122 |
|
| 650 | 2 |
_aTrabajo _915756 |
|
| 905 | _aLibro | ||
| 999 |
_c43532 _d43532 |
||